000 00790nam a2200181Ia 4500
008 100921s9999 xx 000 0 und d
082 _b39739
_a611 न 04
100 _aनगर्सेकर सुरेश.नगर्सेकर अमिता.
245 _aशरीर संतुलन चिकित्सा.
260 _bमनोरमा प्रकाशन,मुंबई.
_c2004
300 _a207
_bकलाभारती वितरण,पुणे
365 _b75
520 _aतं.वि.शरीरशास्त्र.
630 _aशरीर संतुलन चिकित्सा.
650 _aतं.वि.शरीरशास्त्र.
730 _aशरीर संतुलन चिकित्सा.
942 _cBOOK
999 _c788852
_d788849